Colors of the Rainbow Quiz Stats

 Plays Quiz Updated Mar 23, 2020

     
Support Sporcle.
Go Orange.
Score 0/7 Timer 00:30
16 Plays Today
% Correct
Red
99.6%
Blue
98.6%
Yellow
98.6%
Green
98.3%
Orange
97.5%
Violet
96.8%
Indigo
73.3%

From the Vault

Images That Start with 'N'

by sproutcm

Basically we could put 'N'-thing we wanted in this quiz.
Remove Ads.
Support Sporcle.
Get the best of Sporcle when you Go Orange. This ad-free experience offers more features, more stats, and more fun while also helping to support Sporcle. Thank you for becoming a member.

Show Comments

Extras

Top Quizzes Today


Score Distribution

Your Account Isn't Verified!

In order to create a playlist on Sporcle, you need to verify the email address you used during registration. Go to your Sporcle Settings to finish the process.

Report this User

Report this user for behavior that violates our Community Guidelines.

Details: